Statistics for Bad Manners Discography

Click here to take the quiz!

General Stats

  • This quiz has been taken 2 times
  • The average score is 8 of 70

Answer Stats

Type Year Name % Correct
Compilation1982Bad Manners
100%
Album1980Ska 'n' B
50%
Compilation2000Magnetism: The Best of Bad Manners
50%
Compilation2008Walking in the Sunshine: The Best of Bad Manners
50%
Compilation2005Special Brew: The Platinum Collection
50%
Compilation2000Special Brew
50%
Compilation2015The Very Best of Bad Manners
50%
Compilation1986Can Can
0%
Box Set2004Bad Manners 15 Years Jubilee Edition
0%
Compilation1983Klass
0%
Compilation2001Anthology
0%
Live Album2002Best of Bad Manners Live
0%
Album2003Stupidity
0%
Compilation2003Oi Our Greatest Hits
0%
Compilation2003Bastards
0%
Compilation2003All Favourites
0%
Box Set2004Bad Manners Box Set Collection
0%
Compilation2000Buster Bloodvessel's Bad Manners
0%
Album1982Forging Ahead
0%
Live Album2005Bad Manners Live!
0%
Reissued Compilation2005Feel Like Jumping! Greatest Hits Live!
0%
Album1981Gosh It's... Bad Manners
0%
Compilation2011The Bad Manners Collection
0%
Compilation2011Short But Sweet
0%
Cover Album2011The Best Cover Album
0%
Reissued Compilation2013Rare and Fatty
0%
Compilation2000Ska Party
0%
Compilation2000The Best, The Baddest and the Ugliest
0%
Live Album1987Live and Loud
0%
Compilation1996Rare
0%
Album1989Return of the Ugly
0%
Reissued Album1991Return of The Ugly
0%
Album1992Fat Sound
0%
Compilation1993Fatty Fatty
0%
Live Album1993Greatest Hits Live
0%
Compilation1994Skinhead
0%
Live Album1994Inner London Violence Live
0%
Compilation1995This is Ska
0%
Compilation1996Lip Up Fatty
0%
Album1985Mental Notes
0%
Album1997Heavy Petting
0%
Live Album1997Don't Knock the Baldhead: Live
0%
Compilation1998Viva la Ska Revolution
0%
Compilation1998The Collection
0%
Compilation1999This is Ska!
0%
Album1980Loonee Tunes!
0%
Compilation1999Rare & Fatty
0%
Compilation2000The Singles Album
0%
Compilation1999Eat the Beat
0%

Score Distribution

Percentile by Number Answered

Percent of People with Each Score

Your Score History

You have not taken this quiz